000
00204 a2200097 4500
001
29144
100
_a
Ahmad, F
245
_a
Muhammad Bin Qasim
260
_a
_b
Muhammad Ashraf
_c
090
_c
19470
_d
19470
942
_a
NUST-CAE
_c
M
_c
10525
999
_c
264217
_d
264217